01343nam a2200301Ia 450000500170000000800410001702000180005808200160007610000230009224501190011525000180023430000840025250000210033650502670035765000410062465000420066565000440070765000360075165000410078770000300082894200120085826400330087033600270090333700330093033800280096304000350099199900150102620220317001516.0161108s2014 xx ao g 000 0 und  a978384800725704a720.9bG95h1 aGympel, Jand1966-10aHistoria de la arquitecturabde la antigüedad a nuestros díascJan Gympel ; ilustraciones de Christina Melhose a1a. edición a119 páginasbilustraciones, fotografías en color y en blanco y negroc30 cm aIncluye glosario aLa antigüedad y el paleocristianismo -- El islam -- El románico -- El gótico -- El renacimiento -- El barroco y el rococó -- El neoclasicismo -- El historicismo y la arquitectura de ingeniería -- Primera mitad del siglo XX -- Segunda mital del siglo XX142LEMBaArquitectura antiguaxHistoria142LEMBaArquitectura góticaxHistoria142LEMBaArquitectura islámicaxHistoria142LEMBaArquitectura renacentista142LEMBaArquitectura modernaySiglo XX1 aMelhose, Christina974675 2ddccBK aPotsdambH.F. Hullmannc2014 atextobtxt2rdacontent asin mediaciónbn2rdamedia avolumenbnc2rdacarrier aCO-BoRNBPbspaerdacCO-BoRNBP c7196d7196